00863nam a2200193Ia 4500008004100000020001500041050002100056100002700077240005100104245010700155260004900262300003700311500007800348505009500426650003900521650003200560650005400592700002300646120626s2003 sp a 000 0 spa d a8448138244 aTR267bS877 2003 aStone, M. Davideautor aDigital photography. Faster smarterlEspañol aAvanza fotografía digital c/ David M. Stone: Ron, Gladis; traducción de Luis Rodríguez Martín aMadridb: McGraw-Hill Interamericanac, 2003 a315 páginasb: ilustraciones  aIncluye: Contenido, Agradecimientos, Introducción, Puntos clave, Indice aFundamentos: lo que necesita saber Libere su creatividad Comparta sus fotografías  0aFOTOGRAFÍAxTÉCNICAS DIGITALES 0aCAMARAS DIGITALESxMANUALES 0aPROCESAMIENTO DE IMÁGENESxTÉCNICAS DIGITALES aGladis, Roneautor